000 00588nam a2200205Ia 4500
999 _c37723
_d37723
001 3698
003 GE_BSU
005 20190628202341.0
008 181216s2007||||gw |||||||||||||| ||goh||
020 _a9783851324235
040 _cGE_BSU
041 _agoh
080 _a32(430) C-80
100 _aComte, Auguste
_93109
245 _aSystem der positiven Politik. Band 1.2.
_cAus dem Franz. übersetzt und mit Anmerkungen versehen von Jürgen Brankel.
264 _aWien:
_bTuria + Kant,
_c2007.
300 _a294 p.
_b24 см.
653 _aპოლიტიკა
942 _cBK
_2udc